'Haphazard' start for home-grown homes zones (Record no. 71436)

MARC details
000 -LEADER
fixed length control field 01408cam a2200241 4500
001 - CONTROL NUMBER
control field ABS66090
008 - FIXED-LENGTH DATA ELEMENTS--GENERAL INFORMATION
fixed length control field 021024n2002 000 0 eng u
035 ## - SYSTEM CONTROL NUMBER
System control number (Sirsi) u120247
100 ## - MAIN ENTRY--PERSONAL NAME
Personal name Cooper, P.
245 ## - TITLE STATEMENT
Title 'Haphazard' start for home-grown homes zones
260 ## - PUBLICATION, DISTRIBUTION, ETC.
Date of publication, distribution, etc. 2002
490 ## - SERIES STATEMENT
Series statement Urban Environment Today
Volume/sequential designation (156) 19 September 2002, 6-7(2)
520 ## - SUMMARY, ETC.
Summary, etc. Home zone schemes are appearing more frequently in residential areas. This article reviews the rather muddled start of getting this major urban design initiative off the ground. As yet there is no definitive government view of what legally constitutes a home zone and no specific legislation to support the concept. Lists the original 14 pilot schemes and schemes overseas. Home zones makes the streets safer for pedestrians and can also be beneficial for health and well-being. A toolkit for carrying out an health impact assessment (HIA) has been produced. "A guide to doing a prospective health impact assessment of a home zone", and "The Morice town home zone: a prospective health impact assessment" are at http://www.health-community-research-programme.bigstep.com/generic35.html
590 ## - LOCAL NOTE (RLIN)
Local note ABS
650 ## - SUBJECT ADDED ENTRY--TOPICAL TERM
Topical term or geographic name entry element HOME ZONES
650 ## - SUBJECT ADDED ENTRY--TOPICAL TERM
Topical term or geographic name entry element RESIDENTIAL STREETS
650 ## - SUBJECT ADDED ENTRY--TOPICAL TERM
Topical term or geographic name entry element URBAN DESIGN
650 ## - SUBJECT ADDED ENTRY--TOPICAL TERM
Topical term or geographic name entry element URBAN ENVIRONMENT
650 ## - SUBJECT ADDED ENTRY--TOPICAL TERM
Topical term or geographic name entry element PEDESTRIANS
650 ## - SUBJECT ADDED ENTRY--TOPICAL TERM
Topical term or geographic name entry element TRAFFIC
690 ## - LOCAL SUBJECT ADDED ENTRY--TOPICAL TERM (OCLC, RLIN)
Topical term or geographic name as entry element Planning and development
9 (RLIN) 6259
942 ## - ADDED ENTRY ELEMENTS (KOHA)
Suppress in OPAC 0
Holdings
Withdrawn status Lost status Source of classification or shelving scheme Damaged status Not for loan Home library Current library Shelving location Date acquired Total Checkouts Full call number Barcode Date last seen Copy number Price effective from Koha item type
    Dewey Decimal Classification     London London Journal article 24/10/2002   ABS66090 120247-1001 06/08/2019 1 06/08/2019 Journal article